Music Quiz

Random Music or Clickable Quiz

Clickable Hits of the 1990s Quiz Stats

 Plays Quiz Updated Mar 18, 2015

Challenge
Share
Tweet
Embed
Score 0/65 Timer 10:00
14 Plays Today
% Correct
Vanilla Ice
91.5%
Ricky Martin
90.5%
Nirvana
90.1%
MC Hammer
89%
Celine Dion
88.7%
Whitney Houston
86.9%
Madonna
86.3%
Michael Jackson
85.6%
Christina Aguilera
85.4%
Billy Ray Cyrus
85.2%
Hanson
84.3%
R.E.M.
83.6%
Oasis
82.4%
Alanis Morissette
82%
Will Smith
80.9%
Lou Bega
80.8%
Eminem
80.8%
No Doubt
80.4%
Spice Girls
80%
Backstreet Boys
79.7%
Aqua
79.1%
TLC
78.9%
Sir Mix-A-Lot
78.6%
Chumbawamba
77.4%
Metallica
77.1%
Bryan Adams
76.7%
Right Said Fred
76.1%
Sinéad O'Connor
75.8%
Destiny's Child
75.1%
Los Del Rio
74.1%
Goo Goo Dolls
71.8%
The Verve
71.7%
Natalie Imbruglia
71.1%
% Correct
The Fugees
69.3%
Green Day
66.9%
Beck
66.5%
Boyz II Men
66.2%
The Cranberries
66%
House of Pain
64.3%
blink-182
63.9%
Eiffel 65
62.7%
Snoop Dogg
62.3%
Counting Crows
62.1%
Pearl Jam
61.8%
Garth Brooks
61%
Barenaked Ladies
60.7%
Beastie Boys
60.2%
Jeff Buckley
59.6%
Salt-N-Pepa
59%
Mariah Carey
58.9%
Smash Mouth
54.7%
Third Eye Blind
54.3%
Semisonic
53.9%
Deep Blue Something
53.3%
Hootie & the Blowfish
52.9%
Haddaway
52.7%
Sugar Ray
51%
Jennifer Lopez
49.5%
Blind Melon
49.3%
'N Sync
49.1%
4 Non Blondes
49%
EMF
47.9%
Jewel
45.4%
Edwin McCain
43.4%
2Pac
42.8%

You're not logged in!

Compare scores with friends on all Sporcle quizzes.
OR
Log In

You Might Also Like...

Show Comments

Extras

Top Quizzes Today


Score Distribution

Your Account Isn't Verified!

In order to create a playlist on Sporcle, you need to verify the email address you used during registration. Go to your Sporcle Settings to finish the process.

Report this User

Report this user for behavior that violates our Community Guidelines.

Details: